[Event "1st FIDE OWCCCC Pools-East 2021"]
[Site "Online"]
[Date "2021.02.19"]
[Round "3.65"]
[White "Santos Martinez, Guillermo"]
[Black "Vladimir_"]
[Result "0-1"]
[WhiteElo "1947"]
[BlackElo "2538"]
[Annotator "TA"]
[PlyCount "74"]
[EventDate "2021.02.19"]
[EventType "team-tourn"]
[EventCountry "NET"]
[SourceTitle "playchess.com"]
[Source "ChessBase"]
[SourceQuality "1"]

1. d4 d5 2. Nf3 Nf6 3. Bg5 Ne4 4. Nc3 Nxg5 5. Nxg5 e5 6. Nf3 e4 7. Ne5 f6 8. e3 g6 9. Ng4 h5 10. Nxf6+ Qxf6 11. Be2 Bb4 12. a3 Bxc3+ 13. bxc3 O-O 14. h3 Qxf2+ 15. Kd2 Qg3 16. Rf1 Be6 17. Rb1 b6 18. Rxf8+ Kxf8 19. Qf1+ Kg7 20. a4 Nc6 21. Qf4 Qxf4 22. exf4 h4 23. Ke3 Ne7 24. Ba6 Nf5+ 25. Kf2 Rf8 26. Bb7 Nd6 27. Bc6 Rxf4+ 28. Ke3 g5 29. a5 Nc4+ 30. Ke2 e3 31. Rb5 Rf2+ 32. Ke1 Na3 33. Rb2 Nxc2+ 34. Kd1 e2+ 35. Kxc2 e1=Q+ 36. Kb3 Qd1+ 37. Ka3 Qa1+ 0-1

[Event "1st FIDE OWCCCC Pools-East 2021"]
[Site "Online"]
[Date "2021.02.19"]
[Round "3.65"]
[White "Goujon, Antoine"]
[Black "Lukyanov, Artem"]
[Result "0-1"]
[WhiteElo "1780"]
[BlackElo "1537"]
[Annotator "NA RC"]
[PlyCount "96"]
[EventDate "2021.02.19"]
[EventType "team-tourn"]
[EventCountry "NET"]
[SourceTitle "playchess.com"]
[Source "ChessBase"]
[SourceQuality "1"]

1. d4 d5 2. Nc3 c6 3. Bf4 Nf6 4. e3 Bf5 5. f3 e6 6. g4 Bg6 7. h4 h6 8. Bd3 Bxd3 9. Qxd3 Bd6 10. Nge2 Na6 11. O-O-O Bxf4 12. Nxf4 Qd6 13. g5 Ng8 14. g6 f6 15. Nh5 Kf8 16. Kb1 Rc8 17. e4 Ne7 18. Rhg1 Nb8 19. Nxf6 Nd7 20. Nxd7+ Qxd7 21. h5 Ng8 22. e5 Ke7 23. Rgf1 Kd8 24. f4 Ne7 25. Ne2 Kc7 26. Ng3 Rhf8 27. Rf3 Kb8 28. Rdf1 Nf5 29. Nxf5 Rxf5 30. Rh3 c5 31. c3 cxd4 32. cxd4 Rc4 33. Qd2 Qb5 34. Rb3 Rxd4 35. Rxb5 Rxd2 36. Kc1 Rd4 37. Rb3 Rdxf4 38. Rxf4 Rxf4 39. Re3 Rf5 40. Kd2 Kc7 41. Kd3 Rxh5 42. Rf3 Rf5 43. Rg3 Rxe5 44. Kd4 Kd6 45. Rb3 b6 46. Ra3 Re4+ 47. Kd3 a5 48. Rb3 Rb4 0-1

[Event "1st FIDE OWCCCC Pools-East 2021"]
[Site "Online"]
[Date "2021.02.19"]
[Round "3.65"]
[White "Turcatti, Mauro"]
[Black "Yarwood, Benjamin"]
[Result "1-0"]
[WhiteElo "1363"]
[BlackElo "1431"]
[Annotator "NA RC"]
[PlyCount "115"]
[EventDate "2021.02.19"]
[EventType "team-tourn"]
[EventCountry "NET"]
[SourceTitle "playchess.com"]
[Source "ChessBase"]
[SourceQuality "1"]

1. e4 c5 2. c3 d6 3. d4 b6 4. Nf3 e6 5. Bb5+ Bd7 6. Qa4 Be7 7. O-O Nf6 8. e5 Bxb5 9. Qxb5+ Nfd7 10. Qe2 O-O 11. Qe4 d5 12. Qg4 f5 13. exf6 Nxf6 14. Qxe6+ Kh8 15. Ne5 Qe8 16. Re1 Ne4 17. Be3 c4 18. Qxd5 Nxf2 19. Bxf2 Na6 20. Qxc4 Nc7 21. Qxc7 Bf6 22. Nf3 Qg6 23. Nbd2 Qc2 24. Rab1 b5 25. Nb3 a6 26. Nc5 Rac8 27. Qb6 h6 28. Bg3 Rce8 29. Be5 Bxe5 30. dxe5 g5 31. Qxh6+ Kg8 32. Qxg5+ Kh8 33. Nd7 Rg8 34. Qh6+ Qh7 35. Qxh7+ Kxh7 36. Nf6+ Kg7 37. Nxg8 Kxg8 38. Rbd1 Kf7 39. Rd6 a5 40. Rb6 b4 41. cxb4 axb4 42. Rxb4 Kg6 43. Kf2 Kf5 44. a4 Rc8 45. Re2 Rh8 46. a5 Ra8 47. Rb5 Ra6 48. b4 Ke6 49. Rb6+ Rxb6 50. axb6 Kd7 51. Rc2 Ke6 52. b7 Kd5 53. Rd2+ Ke4 54. Re2+ Kd5 55. e6 Kc6 56. e7 Kb6 57. b8=Q+ Ka6 58. Ra2# 1-0

[Event "1st FIDE OWCCCC Pools-East 2021"]
[Site "Online"]
[Date "2021.02.19"]
[Round "3.65"]
[White "Durdiyev, Maksat"]
[Black "Zunino, Davide"]
[Result "0-1"]
[WhiteElo "937"]
[BlackElo "1999"]
[Annotator "RC"]
[PlyCount "82"]
[EventDate "2021.02.19"]
[EventType "team-tourn"]
[EventCountry "NET"]
[SourceTitle "playchess.com"]
[Source "ChessBase"]
[SourceQuality "1"]

1. e4 g6 2. Nf3 Bg7 3. d4 d6 4. c3 Nf6 5. h3 O-O 6. Bd3 Nc6 7. O-O e5 8. Bg5 h6 9. Bxf6 Qxf6 10. d5 Ne7 11. Nbd2 c6 12. c4 c5 13. Rb1 a5 14. b3 g5 15. Nh2 Qg6 16. Be2 f5 17. exf5 Nxf5 18. Bh5 Qf6 19. Ng4 Qe7 20. Ne4 Nd4 21. f3 Bf5 22. Qd3 Rab8 23. Rbe1 b5 24. Kh2 Rb6 25. Qc3 Ra8 26. Ne3 bxc4 27. Nxf5 Nxf5 28. Qxc4 Rb4 29. Qd3 a4 30. Rb1 axb3 31. axb3 Ra3 32. Bg6 Nd4 33. Nd2 Qf6 34. Bh7+ Kh8 35. Ne4 Qe7 36. Nd2 Qb7 37. Qg6 Nxb3 38. Nxb3 Raxb3 39. Rxb3 Rxb3 40. Qe6 Kxh7 41. Qf5+ Kh8 0-1

[Event "1st FIDE OWCCCC Pools-East 2021"]
[Site "Online"]
[Date "2021.02.19"]
[Round "3.66"]
[White "Kapustin, Artem"]
[Black "Carrier, Nathalie"]
[Result "1-0"]
[WhiteElo "1896"]
[BlackElo "973"]
[Annotator "NA RC"]
[PlyCount "59"]
[EventDate "2021.02.19"]
[EventType "team-tourn"]
[EventCountry "NET"]
[SourceTitle "playchess.com"]
[Source "ChessBase"]
[SourceQuality "1"]

1. d4 d5 2. Nf3 c6 3. c4 Nf6 4. Nc3 Be6 5. Qb3 Qc7 6. c5 g6 7. g3 Bg7 8. Bf4 Qd8 9. Qxb7 Nbd7 10. Qxc6 Rc8 11. Qa4 O-O 12. Ne5 h6 13. h4 Bf5 14. f3 Nh5 15. Nc6 Qc7 16. Nxe7+ Kh7 17. Bxc7 Rxc7 18. Ncxd5 Rb7 19. Nxf5 gxf5 20. c6 Nxg3 21. cxb7 Nb6 22. Nxb6 axb6 23. Rg1 f4 24. Qa8 Bxd4 25. Rxg3 fxg3 26. Qxf8 Bf2+ 27. Kd1 Bc5 28. Qxf7+ Kh8 29. b8=R+ Bf8 30. Rxf8# 1-0

[Event "1st FIDE OWCCCC Pools-East 2021"]
[Site "Online"]
[Date "2021.02.19"]
[Round "3.66"]
[White "Gennaro, Isabella"]
[Black "A S M Khalid, Hasan"]
[Result "1-0"]
[WhiteElo "1801"]
[BlackElo "1585"]
[Annotator "NA RC"]
[PlyCount "47"]
[EventDate "2021.02.19"]
[EventType "team-tourn"]
[EventCountry "NET"]
[SourceTitle "playchess.com"]
[Source "ChessBase"]
[SourceQuality "1"]

1. e4 e5 2. Nf3 Nf6 3. Nc3 Bc5 4. Bc4 O-O 5. Nxe5 Qe7 6. d4 Bb4 7. O-O Bxc3 8. bxc3 d6 9. Nd3 Qxe4 10. Re1 Qc6 11. Bb3 Qxc3 12. Bb2 Qa5 13. Nf4 Bd7 14. d5 Na6 15. Bxf6 gxf6 16. Nh5 Kh8 17. Nxf6 Bf5 18. c4 Qc3 19. Nh5 Nc5 20. Re3 Qa5 21. Qd4+ f6 22. Nxf6 Rxf6 23. Qxf6+ Kg8 24. Re7 1-0

[Event "1st FIDE OWCCCC Pools-East 2021"]
[Site "Online"]
[Date "2021.02.19"]
[Round "3.66"]
[White "Pugh, Kristian"]
[Black "Bielec, John Matthew"]
[Result "0-1"]
[WhiteElo "1343"]
[BlackElo "1613"]
[Annotator "NA RC"]
[PlyCount "116"]
[EventDate "2021.02.19"]
[EventType "team-tourn"]
[EventCountry "NET"]
[SourceTitle "playchess.com"]
[Source "ChessBase"]
[SourceQuality "1"]

1. e4 c5 2. Nf3 e6 3. c3 d5 4. e5 Nc6 5. d4 f6 6. exf6 Nxf6 7. Bg5 Be7 8. Bd3 c4 9. Bc2 O-O 10. O-O Qc7 11. Re1 Ng4 12. g3 Nf6 13. Nbd2 h6 14. Bf4 Bd6 15. Bxd6 Qxd6 16. Ne5 Re8 17. Ndf3 b5 18. a3 Nd7 19. Qe2 Ndxe5 20. Nxe5 Bb7 21. Qh5 Nxe5 22. Rxe5 Qe7 23. Qg6 Qf6 24. Qxf6 gxf6 25. Re3 e5 26. Rae1 e4 27. f3 f5 28. fxe4 fxe4 29. Rf1 Rf8 30. Rxf8+ Rxf8 31. Re1 Kg7 32. Kg2 Kg6 33. Bd1 Bc8 34. h3 h5 35. h4 Bf5 36. Rf1 Bh3+ 37. Kxh3 Rxf1 38. Be2 Rb1 39. g4 hxg4+ 40. Kxg4 Rxb2 41. h5+ Kh6 42. Bf1 Rh2 43. Bh3 Rc2 44. Bf1 Rxc3 45. Be2 Rxa3 46. Kf5 c3 47. Ke5 c2 48. Kxd5 c1=Q 49. Ke6 Re3 50. Bxb5 Qc8+ 51. Bd7 Qa6+ 52. Ke7 Rd3 53. d5 Rxd5 54. Kd8 Rxd7+ 55. Kxd7 e3 56. Ke7 e2 57. Kf7 e1=Q 58. Kg8 Qe8# 0-1

[Event "1st FIDE OWCCCC Pools-East 2021"]
[Site "Online"]
[Date "2021.02.19"]
[Round "3.66"]
[White "Alexias, Pavlos"]
[Black "Valiente Roy, Jose Javier"]
[Result "0-1"]
[WhiteElo "1095"]
[BlackElo "2009"]
[Annotator "TA"]
[PlyCount "60"]
[EventDate "2021.02.19"]
[EventType "team-tourn"]
[EventCountry "NET"]
[SourceTitle "playchess.com"]
[Source "ChessBase"]
[SourceQuality "1"]

1. d4 d5 2. c4 e6 3. Nc3 Nf6 4. Bg5 Be7 5. e3 h6 6. Bf4 Bd6 7. Bxd6 Qxd6 8. c5 Qe7 9. Bd3 O-O 10. Nf3 c6 11. O-O Nbd7 12. a4 e5 13. Bf5 e4 14. Bxd7 Bxd7 15. Ne5 Be6 16. Qb3 Ng4 17. Ne2 Qh4 18. Nxg4 Bxg4 19. Nf4 Qe7 20. Qc2 Qg5 21. Kh1 Bd7 22. Qe2 g6 23. f3 Bf5 24. g4 exf3 25. Qf2 Be4 26. Rg1 Qf6 27. Rg3 Rae8 28. Rxf3 Bxf3+ 29. Qxf3 g5 30. Nh5 Qxf3+ 0-1

[Event "1st FIDE OWCCCC Pools-East 2021"]
[Site "Online"]
[Date "2021.02.19"]
[Round "3.66"]
[White "Sahoo Ratnakar"]
[Black "Hughes, Essie"]
[Result "1-0"]
[WhiteElo "1044"]
[BlackElo "1029"]
[Annotator "NA RC"]
[PlyCount "47"]
[EventDate "2021.02.19"]
[EventType "team-tourn"]
[EventCountry "NET"]
[SourceTitle "playchess.com"]
[Source "ChessBase"]
[SourceQuality "1"]

1. e4 e5 2. Bc4 Nc6 3. c3 Nf6 4. d3 d5 5. exd5 Na5 6. Bb5+ c6 7. dxc6 bxc6 8. Ba4 Ba6 9. b4 Qe7 10. bxa5 e4 11. Bxc6+ Kd8 12. dxe4+ Kc7 13. Bxa8 g6 14. Bf4+ Kc8 15. Nd2 Nxe4 16. Nxe4 Bg7 17. Ne2 g5 18. Nd6+ Kd7 19. Nf5+ Ke6 20. Qd5+ Kf6 21. Nxe7 gxf4 22. Qd6+ Kg5 23. Qxf4+ Kh5 24. Ng3# 1-0

[Event "1st FIDE OWCCCC Pools-East 2021"]
[Site "Online"]
[Date "2021.02.19"]
[Round "3.67"]
[White "Srivastava, Puneet"]
[Black "Roger_"]
[Result "0-1"]
[WhiteElo "1512"]
[BlackElo "1308"]
[Annotator "NA RC"]
[PlyCount "102"]
[EventDate "2021.02.19"]
[EventType "team-tourn"]
[EventCountry "NET"]
[SourceTitle "playchess.com"]
[Source "ChessBase"]
[SourceQuality "1"]

1. e4 c5 2. Nf3 d6 3. d4 cxd4 4. Nxd4 Nf6 5. Nc3 a6 6. Bc4 e6 7. O-O Be7 8. Bg5 O-O 9. Qd2 b5 10. Bb3 Bb7 11. a4 b4 12. Nce2 a5 13. Rfe1 Nxe4 14. Bxe7 Qxe7 15. Qe3 Qf6 16. f3 Nc5 17. Ba2 Qg6 18. Nb5 Rd8 19. c3 Qc2 20. Nc7 Ra7 21. cxb4 axb4 22. b3 Nd3 23. Qxa7 Nxe1 24. Rxe1 Qxc7 25. Nd4 Nc6 26. Nxc6 Qxc6 27. Bb1 Ra8 28. Qe3 Qc3 29. Qxc3 bxc3 30. Bc2 Rc8 31. Re3 e5 32. Kf2 f6 33. Ke2 d5 34. Kf2 d4 35. Rd3 Ba6 36. Rd1 Rb8 37. f4 Bc8 38. h3 Be6 39. fxe5 fxe5 40. Re1 Bxb3 41. Bxb3+ Rxb3 42. Rxe5 Rb2+ 43. Ke1 c2 44. Rc5 d3 45. Kd2 Rb1 46. a5 Rd1+ 47. Kc3 c1=Q+ 48. Kb4 Qb1+ 49. Kc4 Rc1+ 50. Kd4 Rxc5 51. Kxc5 d2 0-1

[Event "1st FIDE OWCCCC Pools-East 2021"]
[Site "Online"]
[Date "2021.02.19"]
[Round "3.67"]
[White "French, Steven"]
[Black "Akhundov, Timur"]
[Result "1-0"]
[WhiteElo "1405"]
[BlackElo "1105"]
[Annotator "NA RC"]
[PlyCount "69"]
[EventDate "2021.02.19"]
[EventType "team-tourn"]
[EventCountry "NET"]
[SourceTitle "playchess.com"]
[Source "ChessBase"]
[SourceQuality "1"]

1. e4 e5 2. Nf3 Nf6 3. Nxe5 d6 4. Nf3 Nxe4 5. d4 d5 6. Bd3 Bg4 7. h3 Bh5 8. O-O Bd6 9. Re1 Bg6 10. Nc3 O-O 11. Nxe4 dxe4 12. Bxe4 Bxe4 13. Rxe4 Nd7 14. Bg5 Qc8 15. c3 h6 16. Bh4 g5 17. Bg3 Bxg3 18. fxg3 Nf6 19. Re5 g4 20. Nh4 gxh3 21. Qf3 Ng4 22. Rf5 h2+ 23. Kh1 Ne3 24. Qxe3 Qe6 25. Qxe6 fxe6 26. Rxf8+ Rxf8 27. Nf3 Kg7 28. Kxh2 Rf5 29. Re1 Kf6 30. Re5 Rxe5 31. Nxe5 b6 32. Kh3 c5 33. Kg4 cxd4 34. cxd4 a5 35. a4 1-0

[Event "1st FIDE OWCCCC Pools-East 2021"]
[Site "Online"]
[Date "2021.02.19"]
[Round "3.67"]
[White "Saparova, Oguljeren"]
[Black "Baroni, Alessandro"]
[Result "1-0"]
[WhiteElo "1115"]
[BlackElo "1984"]
[Annotator "TA"]
[PlyCount "65"]
[EventDate "2021.02.19"]
[EventType "team-tourn"]
[EventCountry "NET"]
[SourceTitle "playchess.com"]
[Source "ChessBase"]
[SourceQuality "1"]

1. d4 Nf6 2. Nf3 d6 3. g3 g6 4. Bg2 Nc6 5. O-O Bg7 6. b3 O-O 7. Bb2 b6 8. Ne5 Bb7 9. Nxc6 Bxc6 10. Bxc6 Rb8 11. c4 Ng4 12. Nc3 a6 13. e3 b5 14. cxb5 axb5 15. Qxg4 f5 16. Qe2 b4 17. Nd5 e6 18. Nf4 e5 19. Ne6 Qe7 20. Nxf8 Rxf8 21. Qc4+ Kh8 22. dxe5 Bxe5 23. Bxe5+ dxe5 24. Rad1 Rd8 25. Rxd8+ Qxd8 26. Qd5 Qf8 27. Qxe5+ Kg8 28. Bd5+ Qf7 29. Qe8+ Kg7 30. Qxf7+ Kh6 31. Qf8+ Kg5 32. Bf3 c5 33. h4# 1-0

[Event "1st FIDE OWCCCC Pools-East 2021"]
[Site "Online"]
[Date "2021.02.19"]
[Round "3.67"]
[White "Fuss, Philippe"]
[Black "Chetverov, Dmitriy"]
[Result "0-1"]
[WhiteElo "1082"]
[BlackElo "1327"]
[Annotator "NA RC"]
[PlyCount "96"]
[EventDate "2021.02.19"]
[EventType "team-tourn"]
[EventCountry "NET"]
[SourceTitle "playchess.com"]
[Source "ChessBase"]
[SourceQuality "1"]

1. e4 c5 2. Nf3 Nc6 3. Nc3 g6 4. Bc4 Bg7 5. Ng5 Ne5 6. d3 Nxc4 7. dxc4 h6 8. Nf3 d6 9. O-O Nf6 10. e5 Nh5 11. exd6 exd6 12. Re1+ Be6 13. Nd5 O-O 14. Nf4 Nxf4 15. Bxf4 d5 16. Rb1 d4 17. c3 Bxc4 18. Be5 Bxa2 19. Ra1 Bd5 20. Bxg7 Bxf3 21. Qxf3 Kxg7 22. Red1 Qd7 23. Qf4 d3 24. Rd2 Rfe8 25. h3 b5 26. Rad1 c4 27. b3 Qe6 28. Qd4+ Kh7 29. bxc4 bxc4 30. Qf4 a5 31. Qc7 a4 32. Ra1 a3 33. Qc5 Rec8 34. Qe3 Qxe3 35. fxe3 Rcb8 36. Kh2 Rb3 37. Rda2 Rxc3 38. e4 Rb3 39. g4 c3 40. Kg2 Rb2+ 41. Kf3 Rxa2 42. Rxa2 c2 43. Ke3 c1=Q+ 44. Rd2 Qe1+ 45. Kxd3 Rd8+ 46. Kc2 Qxd2+ 47. Kb3 Rb8+ 48. Kxa3 Qa5# 0-1

[Event "1st FIDE OWCCCC Pools-East 2021"]
[Site "Online"]
[Date "2021.02.19"]
[Round "3.68"]
[White "Goncharova, Kamilla"]
[Black "Shukla, Bhargav"]
[Result "1-0"]
[WhiteElo "1513"]
[BlackElo "1290"]
[Annotator "NA RC"]
[PlyCount "109"]
[EventDate "2021.02.19"]
[EventType "team-tourn"]
[EventCountry "NET"]
[SourceTitle "playchess.com"]
[Source "ChessBase"]
[SourceQuality "1"]

1. e4 e5 2. d4 exd4 3. Bc4 Nf6 4. Qxd4 Nc6 5. Qd3 Ne5 6. Qb3 Nxc4 7. Qxc4 d6 8. Nc3 c6 9. Bg5 Be7 10. Nf3 Be6 11. Qd3 Ng4 12. Bxe7 Qxe7 13. h3 Ne5 14. Nxe5 dxe5 15. O-O-O O-O 16. a3 Rad8 17. Qe3 a5 18. f4 b5 19. Ne2 a4 20. f5 Bc4 21. g4 h6 22. h4 Bxe2 23. Qxe2 b4 24. Qe3 bxa3 25. Qxa3 Qxa3 26. bxa3 Rb8 27. Rd3 Rb5 28. Kd2 Rfb8 29. g5 h5 30. g6 f6 31. Ra1 Rb1 32. Rxb1 Rxb1 33. Rh3 Kf8 34. Kc3 Ke7 35. Kc4 Kd6 36. Rd3+ Kc7 37. Kc5 Rb5+ 38. Kc4 Rb1 39. Kc5 Rh1 40. Rd6 Rxh4 41. Rxc6+ Kd7 42. Kd5 Rf4 43. Ra6 Rf2 44. Ra7+ Ke8 45. Rxg7 Rxc2 46. Ra7 Kf8 47. Ke6 Rc6+ 48. Kd7 Rb6 49. Ra8+ Kg7 50. Kc7 Rb1 51. Ra7 Rg1 52. Kd6+ Kg8 53. Ke6 h4 54. Kxf6 h3 55. Ra8# 1-0

[Event "1st FIDE OWCCCC Pools-East 2021"]
[Site "Online"]
[Date "2021.02.19"]
[Round "3.68"]
[White "Pochesteva, Irina"]
[Black "Ricome, Juliette"]
[Result "1-0"]
[WhiteElo "1481"]
[BlackElo "1176"]
[Annotator "NA RC"]
[PlyCount "61"]
[EventDate "2021.02.19"]
[EventType "team-tourn"]
[EventCountry "NET"]
[SourceTitle "playchess.com"]
[Source "ChessBase"]
[SourceQuality "1"]

1. f4 d5 2. Nf3 Nf6 3. b3 Nc6 4. Bb2 e5 5. fxe5 Ne4 6. d3 Nc5 7. e3 f6 8. exf6 gxf6 9. Nbd2 Bd6 10. Qe2 Ne7 11. Bxf6 Rf8 12. Bb2 Be6 13. O-O-O Qd7 14. g3 O-O-O 15. Bg2 d4 16. Bxd4 Bxb3 17. axb3 Nxb3+ 18. Nxb3 Qa4 19. Bb2 Nd5 20. e4 Ba3 21. exd5 Rfe8 22. Qf2 Rxd5 23. Rhe1 Bxb2+ 24. Kxb2 Ra5 25. Nxa5 Qxa5 26. Rxe8+ Kd7 27. Bh3+ Kc6 28. Nd4+ Kc5 29. Re5+ Kb4 30. Qd2+ Ka4 31. Qxa5# 1-0

[Event "1st FIDE OWCCCC Pools-East 2021"]
[Site "Online"]
[Date "2021.02.19"]
[Round "3.68"]
[White "Zajaczkowski, Nathalie"]
[Black "Garg, Richa"]
[Result "1-0"]
[WhiteElo "652"]
[BlackElo "667"]
[Annotator "NA RC"]
[PlyCount "49"]
[EventDate "2021.02.19"]
[EventType "team-tourn"]
[EventCountry "NET"]
[SourceTitle "playchess.com"]
[Source "ChessBase"]
[SourceQuality "1"]

1. e4 e5 2. Nf3 Nf6 3. Nxe5 Nxe4 4. Bd3 f5 5. O-O Bc5 6. Nc3 Nc6 7. Nc4 Nd4 8. Qe1 O-O 9. Nd5 c6 10. Nf4 d5 11. Ne5 Qe8 12. Nf3 Qe5 13. Nh5 Rf7 14. Nxe5 Re7 15. Nf3 Nxf3+ 16. gxf3 f4 17. fxe4 dxe4 18. Nxf4 exd3 19. cxd3 Rxe1 20. Rxe1 Bf5 21. Re5 a5 22. Rxc5 Bg4 23. b3 Re8 24. Kf1 Be2+ 25. Kg2 1-0

[Event "1st FIDE OWCCCC Pools-East 2021"]
[Site "Online"]
[Date "2021.02.19"]
[Round "3.68"]
[White "Belozerova, Inna"]
[Black "Carballido Mateo, Ignacio"]
[Result "0-1"]
[WhiteElo "585"]
[BlackElo "1581"]
[Annotator "NA RC"]
[PlyCount "84"]
[EventDate "2021.02.19"]
[EventType "team-tourn"]
[EventCountry "NET"]
[SourceTitle "playchess.com"]
[Source "ChessBase"]
[SourceQuality "1"]

1. e4 e5 2. d4 exd4 3. Nf3 Nc6 4. Bc4 h6 5. O-O Bc5 6. c3 dxc3 7. Nxc3 a6 8. Be3 Bxe3 9. fxe3 d6 10. Nd5 Be6 11. Qd3 Nf6 12. Nxf6+ Qxf6 13. Rad1 Qxb2 14. Rd2 Qf6 15. Nd4 Qe7 16. Nxe6 fxe6 17. e5 Nxe5 18. Qd4 c5 19. Qe4 Qc7 20. Bb3 Qd7 21. Ba4 b5 22. Bc2 Ke7 23. g4 Rhf8 24. Rff2 Rxf2 25. Rxf2 Rf8 26. Rxf8 Kxf8 27. Qf4+ Ke7 28. g5 hxg5 29. Qxg5+ Kf8 30. Qf4+ Qf7 31. Qh4 Nf3+ 32. Kf2 Nxh4+ 33. Kg3 Nf5+ 34. Kg2 Nxe3+ 35. Kh1 Nxc2 36. h4 Qf2 37. h5 Qd2 38. h6 gxh6 39. a4 bxa4 40. Kg1 a3 41. Kf1 a2 42. Kg1 a1=Q# 0-1

[Event "1st FIDE OWCCCC Pools-East 2021"]
[Site "Online"]
[Date "2021.02.19"]
[Round "3.69"]
[White "Akhrass, Roland"]
[Black "Hung, Shen wei"]
[Result "1-0"]
[WhiteElo "1930"]
[BlackElo "1359"]
[Annotator "TA"]
[PlyCount "125"]
[EventDate "2021.02.19"]
[EventType "team-tourn"]
[EventCountry "NET"]
[SourceTitle "playchess.com"]
[Source "ChessBase"]
[SourceQuality "1"]

1. e4 a5 2. d4 b6 3. Nf3 Ba6 4. Bxa6 Nxa6 5. O-O e6 6. Nc3 d6 7. Bg5 Be7 8. Bxe7 Nxe7 9. Qe2 c6 10. Rad1 O-O 11. Rfe1 b5 12. Rd3 Nb4 13. Rdd1 Na6 14. a3 b4 15. Na4 d5 16. exd5 Nxd5 17. Ne5 bxa3 18. bxa3 Qd6 19. c4 Nf4 20. Qf3 Ng6 21. Qxc6 Qxc6 22. Nxc6 h6 23. Nb6 Rae8 24. Nxa5 Rb8 25. c5 Nf4 26. Nc6 Rbe8 27. Nd7 Rc8 28. Ne7+ Kh7 29. Nxf8+ Rxf8 30. Nc6 Rc8 31. Ne5 Nd5 32. Nxf7 Rc6 33. Nd8 Rc8 34. Nxe6 Nac7 35. Nxc7 Rxc7 36. g3 Ra7 37. Ra1 Ra4 38. Red1 Nc3 39. Rd3 Ne2+ 40. Kg2 Nxd4 41. Rc1 Nc6 42. Rd6 Ne5 43. c6 Nxc6 44. Rdxc6 Rxa3 45. Rc7 Ra6 46. Rb7 h5 47. h4 Kh6 48. Rcc7 g5 49. Rh7+ Kg6 50. Rbg7+ Kf5 51. Rxg5+ Ke4 52. Rhxh5 Kd3 53. Re5 Rf6 54. Re3+ Kd4 55. Rh8 Rd6 56. h5 Rh6 57. Rxh6 Kd5 58. Rf6 Kd4 59. Rf4+ Kd5 60. h6 Kd6 61. h7 Kd7 62. Rd4+ Kc6 63. Rc3+ 1-0

[Event "1st FIDE OWCCCC Pools-East 2021"]
[Site "Online"]
[Date "2021.02.19"]
[Round "3.69"]
[White "Rakshith Srinivasan"]
[Black "Hajiyev, Samid"]
[Result "1-0"]
[WhiteElo "1899"]
[BlackElo "1275"]
[Annotator "NA RC"]
[PlyCount "37"]
[EventDate "2021.02.19"]
[EventType "team-tourn"]
[EventCountry "NET"]
[SourceTitle "playchess.com"]
[Source "ChessBase"]
[SourceQuality "1"]

1. e4 e5 2. Nf3 Nc6 3. Bc4 h6 4. O-O Nf6 5. Re1 Bc5 6. c3 Ng4 7. d4 exd4 8. cxd4 Bb6 9. h3 Nf6 10. e5 d5 11. exf6+ Be6 12. fxg7 Rg8 13. Bb5 Rxg7 14. Ne5 Bd7 15. Nxc6+ Kf8 16. Nxd8 Rxd8 17. Bxd7 Rxd7 18. Qe2 Rd6 19. Qe8# 1-0

[Event "1st FIDE OWCCCC Pools-East 2021"]
[Site "Online"]
[Date "2021.02.19"]
[Round "3.69"]
[White "Kashin, Maxim"]
[Black "Bashkirov, Igor"]
[Result "1-0"]
[WhiteElo "1645"]
[BlackElo "1477"]
[Annotator "NA RC"]
[PlyCount "75"]
[EventDate "2021.02.19"]
[EventType "team-tourn"]
[EventCountry "NET"]
[SourceTitle "playchess.com"]
[Source "ChessBase"]
[SourceQuality "1"]

1. e4 e5 2. f4 d6 3. Nf3 Nc6 4. Bc4 f5 5. d3 g5 6. Nxg5 Qe7 7. Qh5+ Kd8 8. Nf7+ Kd7 9. Nxh8 Nf6 10. Qxf5+ Ke8 11. Qg5 Nd4 12. Na3 Be6 13. Bxe6 Nxe6 14. Qg3 Bh6 15. fxe5 Nxe4 16. dxe4 Bxc1 17. Rxc1 Kd7 18. exd6 cxd6 19. O-O Rxh8 20. Rcd1 Ke8 21. Rxd6 Rf8 22. Rxf8+ Nxf8 23. Rd5 Kf7 24. Qf4+ Ke8 25. Re5 Ne6 26. Qf5 Kd7 27. Nc4 b5 28. Rd5+ Kc6 29. Rd6+ Kc7 30. Rxe6 Qd7 31. Qc5+ Kd8 32. Rd6 bxc4 33. Rxd7+ Kxd7 34. e5 h5 35. Qd6+ Ke8 36. Qc7 a5 37. e6 Kf8 38. Qf7# 1-0

[Event "1st FIDE OWCCCC Pools-East 2021"]
[Site "Online"]
[Date "2021.02.19"]
[Round "3.69"]
[White "Dzieszko, Lukasz"]
[Black "Papadopoulos, Dimitrios K-E"]
[Result "1-0"]
[WhiteElo "1454"]
[BlackElo "1001"]
[Annotator "NA RC"]
[PlyCount "41"]
[EventDate "2021.02.19"]
[EventType "team-tourn"]
[EventCountry "NET"]
[SourceTitle "playchess.com"]
[Source "ChessBase"]
[SourceQuality "1"]

1. d4 Nf6 2. c4 e6 3. Nc3 Bb4 4. Bg5 h6 5. Bh4 c5 6. a3 cxd4 7. axb4 dxc3 8. bxc3 Nc6 9. e3 b6 10. Nf3 g5 11. Bg3 Ne4 12. Bd6 Nxc3 13. Qd3 Qf6 14. Ra3 Ne4 15. Qxe4 Bb7 16. Qd3 a5 17. b5 Ne7 18. Be5 Qg6 19. Bxh8 Be4 20. Qd6 Rc8 21. Ne5 1-0

[Event "1st FIDE OWCCCC Pools-East 2021"]
[Site "Online"]
[Date "2021.02.19"]
[Round "3.69"]
[White "Bialon, Pawel"]
[Black "Tirelli, Cristian"]
[Result "0-1"]
[WhiteElo "894"]
[BlackElo "1492"]
[Annotator "NA RC"]
[PlyCount "70"]
[EventDate "2021.02.19"]
[EventType "team-tourn"]
[EventCountry "NET"]
[SourceTitle "playchess.com"]
[Source "ChessBase"]
[SourceQuality "1"]

1. e4 c5 2. g3 d6 3. Bh3 Nf6 4. Bxc8 Qxc8 5. Nf3 Nxe4 6. Rf1 Nc6 7. d3 Nf6 8. c3 g6 9. d4 cxd4 10. cxd4 d5 11. Qe2 e6 12. a3 Bg7 13. Bg5 O-O 14. Nc3 Re8 15. O-O-O Ne4 16. Nxe4 Nxd4+ 17. Nc3 Nxe2+ 18. Kd2 Nxc3 19. Rc1 d4 20. Nxd4 Bxd4 21. Be3 Qd7 22. Kc2 Bxe3 23. Rcd1 Qa4+ 24. b3 Qxa3 25. Kxc3 Rac8+ 26. Kd3 Qxb3+ 27. Ke2 Rc2+ 28. Kf3 Bb6+ 29. Kg2 Rxf2+ 30. Rxf2 Qxd1 31. h4 Bxf2 32. Kxf2 Rc8 33. Kg2 Qg4 34. Kg1 Rc2 35. Kf1 Qd1# 0-1

[Event "1st FIDE OWCCCC Pools-East 2021"]
[Site "Online"]
[Date "2021.02.19"]
[Round "3.69"]
[White "Ahuja, Ritika"]
[Black "Yadav, Brajesh"]
[Result "0-1"]
[WhiteElo "211"]
[BlackElo "1203"]
[Annotator "NA RC"]
[PlyCount "36"]
[EventDate "2021.02.19"]
[EventType "team-tourn"]
[EventCountry "NET"]
[SourceTitle "playchess.com"]
[Source "ChessBase"]
[SourceQuality "1"]

1. e4 c5 2. Qe2 Nc6 3. Qb5 b6 4. d3 a6 5. Qxb6 Qxb6 6. Be3 Qxb2 7. Nd2 Qxa1+ 8. Ke2 d6 9. Ngf3 Qxa2 10. Ng5 Nf6 11. g4 h6 12. Rg1 hxg5 13. Rg3 Bxg4+ 14. Rxg4 Nxg4 15. f4 Rxh2+ 16. Kf3 Nxe3 17. Kxe3 Qxc2 18. Nf3 Qf2# 0-1